000 00360nam a2200145Ia 4500
008 150201s1990 xx 000 0 und d
082 _a617.5
_bP1990F
100 _aFOREST,A.P.M.
245 _aPRINCIPLES & PRACTICE OF SURGERY
250 _a2ND
260 _bCHURCHILL LIVINGSTONE
_aEDINBURGH
_c1990
300 _a1-729
650 _aSURGERY
942 _2ddc
_cBK
999 _c3200
_d3200